| 000 | 00419nam a2200181Ia 4500 | ||
|---|---|---|---|
| 001 | 24338 | ||
| 005 | 20260414151036.0 | ||
| 008 | 260414t2007||||xx |||||||||||||| ||spa|| | ||
| 041 | _aESP | ||
| 082 |
_a345.31 _bC28 |
||
| 100 |
_aCarofiglio, Gianrico _eAUT |
||
| 245 | 0 |
_aEl arte de la duda _b |
|
| 260 | _c2007 | ||
| 300 |
_a188 páginas : _c21 cm. |
||
| 650 | _aDER | ||
| 654 | _aCDE | ||
| 942 |
_cLIB _dJUS _fJUS _2ddc _n |
||
| 999 |
_c24338 _d24338 |
||